<?xml version="1.0" encoding="UTF-8"?>
<record
    xmlns:xsi="http://www.w3.org/2001/XMLSchema-instance"
    xsi:schemaLocation="http://www.loc.gov/MARC21/slim http://www.loc.gov/standards/marcxml/schema/MARC21slim.xsd"
    xmlns="http://www.loc.gov/MARC21/slim">

  <leader>03531nam a2200409 a 4500</leader>
  <controlfield tag="001">dia_450</controlfield>
  <controlfield tag="003">CHAP</controlfield>
  <controlfield tag="005">20251205183216.0</controlfield>
  <controlfield tag="007">ta</controlfield>
  <controlfield tag="008">220117s1980    mx ado frm    001 0 spa d</controlfield>
  <datafield tag="010" ind1=" " ind2=" ">
    <subfield code="a">171002</subfield>
  </datafield>
  <datafield tag="040" ind1=" " ind2=" ">
    <subfield code="c">CHAP</subfield>
    <subfield code="a">mxchpua</subfield>
    <subfield code="e">rda</subfield>
  </datafield>
  <datafield tag="041" ind1="0" ind2=" ">
    <subfield code="a">spa</subfield>
    <subfield code="b">spa</subfield>
  </datafield>
  <datafield tag="090" ind1=" " ind2=" ">
    <subfield code="a">Tesis</subfield>
    <subfield code="b">C43</subfield>
    <subfield code="c">1980</subfield>
  </datafield>
  <datafield tag="100" ind1="1" ind2=" ">
    <subfield code="a">Ch&#xE1;vez Franco, Sergio Humberto</subfield>
  </datafield>
  <datafield tag="245" ind1="1" ind2="0">
    <subfield code="a">Estudio de la conservaci&#xF3;n de pulpa de aguacate (Persea  americana, Mill) variedad Fuerte /</subfield>
    <subfield code="c">Sergio Humberto Ch&#xE1;vez Franco y Jos&#xE9; Joel Enrique Corrales Garc&#xED;a</subfield>
  </datafield>
  <datafield tag="264" ind1=" " ind2=" ">
    <subfield code="a">Chapingo, M&#xE9;xico :</subfield>
    <subfield code="b">El autor,</subfield>
    <subfield code="c">1980</subfield>
  </datafield>
  <datafield tag="300" ind1=" " ind2=" ">
    <subfield code="a">vii, 94 hojas :</subfield>
    <subfield code="b">ilustraciones, gr&#xE1;ficas, tablas, fotos</subfield>
  </datafield>
  <datafield tag="336" ind1=" " ind2=" ">
    <subfield code="2">rdacontent</subfield>
    <subfield code="a">texto</subfield>
    <subfield code="b">txt</subfield>
  </datafield>
  <datafield tag="337" ind1=" " ind2=" ">
    <subfield code="2">rdamedia</subfield>
    <subfield code="a">no mediado</subfield>
    <subfield code="b">n</subfield>
  </datafield>
  <datafield tag="338" ind1=" " ind2=" ">
    <subfield code="2">rdacarrier</subfield>
    <subfield code="a">volumen</subfield>
    <subfield code="b">nc</subfield>
  </datafield>
  <datafield tag="502" ind1=" " ind2=" ">
    <subfield code="a">Tesis </subfield>
    <subfield code="b">(Ingeniero Agr&#xF3;nomo Especialista en Industrias Agr&#xED;colas) :</subfield>
    <subfield code="b">(Ingeniero Agroindustrial) --</subfield>
    <subfield code="c">UACh. Departamento de Industrias Agr&#xED;colas :</subfield>
    <subfield code="c">UACh. Departamento de Ingenier&#xED;a Agroindustrial,</subfield>
    <subfield code="d">1980</subfield>
  </datafield>
  <datafield tag="504" ind1=" " ind2=" ">
    <subfield code="a">Bibliograf&#xED;a: hojas 78-83</subfield>
  </datafield>
  <datafield tag="520" ind1="3" ind2=" ">
    <subfield code="a">Se procesaron aguacates de la var. Fuerte procedentes de la Regi&#xF3;n de Atlixco, Puebla. Para la extracci&#xF3;n de la pulpa se practicaron dos ambientes; uno en atm&#xF3;sfera normal y el otro en atm&#xF3;sfera de nitr&#xF3;geno (99. 7%). Los frutos escogidos para el proceso tuvieron el mismo estado fisiol&#xF3;gico y de una calidad fitosanitaria aceptable. Antes del envasado, la pulpa fue tratada con inhibidores qu&#xED;micos del obscurecimiento como &#xE1;cido asc&#xF3;rbico al 0.3% p/p, bisulfito de sodio 150 ppm y una mezcla de ambos en las siguientes concentraciones: &#xE1;cido asc&#xF3;rbico 0. 15% p/p + bisulfito de sodio 100 ppm. Tambi&#xE9;n se agreg&#xF3; vinagre (&#xE1;cido ac&#xE9;tico para uniformizar el pH a 5.5 aproximadamente), y sal al 1%. La pulpa fue envasada en frascos de vidrio y almacenada en refrigeraci&#xF3;n. Una porci&#xF3;n de frascos fue calentada en ba&#xF1;o mar&#xED;a a temperatura de pasteurizaci&#xF3;n (75&#xB0; por 3 minutos). El almacenamiento de frascos se hizo en refrigerador dom&#xE9;stico a 3&#xB0;+- 1&#xB0; durante 3 meses. Hubo 3 tipos de evaluaci&#xF3;n de tratamientos: a) Comparaciones visuales a 15 d&#xED;as y a 3 meses. b) An&#xE1;lisis organol&#xE9;pticos en panel de cataci&#xF3;n a los 3 meses. c) An&#xE1;lisis microbiol&#xF3;gicos (cuenta total) a los 3 meses. El mejor inhibidor qu&#xED;mico del obscurecimiento a los 15 d&#xED;as fue el &#xE1;cido asc&#xF3;rbico. El ambiente inerte de nitr&#xF3;geno control&#xF3; totalmente el obscurecimiento de la pulpa a&#xFA;n a los 3 meses. En general, el efecto del calentamiento afect&#xF3; negativamente la calidad de la pulpa e incluso promovi&#xF3; el obscurecimiento, aunque en ciertas condiciones ayud&#xF3; a controlarlo. El sabor, aroma y textura en general no cambiaron ni presentaron diferencias entre tratamientos cuando el proceso se hizo en ambiente inerte, a excepci&#xF3;n &#xFA;nicamente del testigo. El pH tampoco cambio en ninguno de los casos, excepto en los testigos.&#xA0;</subfield>
  </datafield>
  <datafield tag="650" ind1="1" ind2="3">
    <subfield code="a">Aguacate</subfield>
    <subfield code="x">Pulpa</subfield>
    <subfield code="x">Preservaci&#xF3;n de alimentos</subfield>
    <subfield code="2">atg</subfield>
  </datafield>
  <datafield tag="650" ind1="1" ind2="3">
    <subfield code="a">Preservaci&#xF3;n de alimentos</subfield>
    <subfield code="x">Aditivos  </subfield>
    <subfield code="2">atg</subfield>
  </datafield>
  <datafield tag="650" ind1="1" ind2="3">
    <subfield code="a">Preservaci&#xF3;n de alimentos</subfield>
    <subfield code="x">Tratamiento t&#xE9;rmico  </subfield>
    <subfield code="2">atg</subfield>
  </datafield>
  <datafield tag="650" ind1="1" ind2="3">
    <subfield code="a">Avocados</subfield>
    <subfield code="x">Pulp</subfield>
    <subfield code="x">Food preservation  </subfield>
    <subfield code="2">atg</subfield>
  </datafield>
  <datafield tag="650" ind1="1" ind2="3">
    <subfield code="a">Food preservation  </subfield>
    <subfield code="x">Additives  </subfield>
    <subfield code="2">atg</subfield>
  </datafield>
  <datafield tag="650" ind1="1" ind2="3">
    <subfield code="a">Food preservation  </subfield>
    <subfield code="x">Heat treatment</subfield>
    <subfield code="2">atg</subfield>
  </datafield>
  <datafield tag="700" ind1="1" ind2=" ">
    <subfield code="a">Corrales Garc&#xED;a, Jos&#xE9; Joel Enrique</subfield>
    <subfield code="e">autor</subfield>
  </datafield>
  <datafield tag="901" ind1=" " ind2=" ">
    <subfield code="a">TESIS C43 1980</subfield>
  </datafield>
  <datafield tag="902" ind1=" " ind2=" ">
    <subfield code="a">M</subfield>
  </datafield>
  <datafield tag="905" ind1=" " ind2=" ">
    <subfield code="a">5232271980                          mx dnm 8223123322spa16</subfield>
  </datafield>
  <datafield tag="942" ind1=" " ind2=" ">
    <subfield code="c">TESIS</subfield>
    <subfield code="2">Clasificaci&#xF3;n Universidad Aut&#xF3;noma Chapingo</subfield>
  </datafield>
  <datafield tag="999" ind1=" " ind2=" ">
    <subfield code="c">171002</subfield>
    <subfield code="d">171002</subfield>
  </datafield>
  <datafield tag="952" ind1=" " ind2=" ">
    <subfield code="0">0</subfield>
    <subfield code="1">0</subfield>
    <subfield code="2">local</subfield>
    <subfield code="4">0</subfield>
    <subfield code="5">5</subfield>
    <subfield code="7">0</subfield>
    <subfield code="8">TESIS</subfield>
    <subfield code="a">IA_</subfield>
    <subfield code="b">IA_</subfield>
    <subfield code="e">El autor</subfield>
    <subfield code="l">0</subfield>
    <subfield code="o">Tesis C43 1980</subfield>
    <subfield code="p">1101011010</subfield>
    <subfield code="r">2026-02-02 00:00:00</subfield>
    <subfield code="t">Ej. 2</subfield>
    <subfield code="y">TESIS</subfield>
  </datafield>
  <datafield tag="952" ind1=" " ind2=" ">
    <subfield code="0">0</subfield>
    <subfield code="1">0</subfield>
    <subfield code="2">local</subfield>
    <subfield code="4">0</subfield>
    <subfield code="5">1</subfield>
    <subfield code="7">0</subfield>
    <subfield code="8">TESIS</subfield>
    <subfield code="a">IA_</subfield>
    <subfield code="b">IA_</subfield>
    <subfield code="e">El autor</subfield>
    <subfield code="l">0</subfield>
    <subfield code="o">Tesis C43 1980</subfield>
    <subfield code="p">1101011009</subfield>
    <subfield code="r">2026-02-02 00:00:00</subfield>
    <subfield code="t">Ej. 1</subfield>
    <subfield code="y">TESIS</subfield>
  </datafield>
</record>
